| 000 | 00634cab a2200217 4500 | ||
|---|---|---|---|
| 001 | WB3513-20 | ||
| 008 | 090401t1999 xxu||||| |||| 00| 0 eng d | ||
| 035 | _a(Sirsi) u92545 | ||
| 041 | _aeng | ||
| 245 | _aHousehold projections 2021 | ||
| 260 | _c1999 | ||
| 350 | _a0 | ||
| 490 |
_aDETR Information Bulletin _v(311) 29 March 1999, (3) |
||
| 520 | _aThe number of households is projected to rise from 20.2m in 1996 to 24m in 2021, an increase of 3.8m. | ||
| 650 | _aHOUSEHOLD PROJECTIONS | ||
| 650 | _aPOPULATION PROJECTIONS | ||
| 650 | _aSTATISTICS | ||
| 690 | _aECONOMIC AND SOCIAL | ||
| 942 | _n0 | ||
| 948 | _c01/04/1999 | ||
| 999 |
_c58665 _d58665 |
||